[Event "GBR-ch Online"]
[Site "Chess.com INT"]
[Date "2021.07.30"]
[Round "1"]
[White "Gazis, Georgios"]
[Black "Lalic, Bogdan"]
[Result "0-1"]
[WhiteElo "1817"]
[BlackElo "2402"]
[PlyCount "56"]
[EventDate "2021.07.30"]
[EventType "swiss"]
[EventRounds "9"]
[EventCountry "ENG"]
[SourceTitle "CBM 203 Extra"]
[Source "ChessBase"]
[SourceDate "2021.09.30"]
[SourceVersion "1"]
[SourceVersionDate "2021.09.30"]
[SourceQuality "1"]

1. e4 e5 2. Nf3 Nc6 3. d4 exd4 4. Bc4 Bb4+ 5. c3 dxc3 6. 0-0 Nf6 7. a3 Bc5 8. b4 Bb6 9. Nxc3 d6 10. h3 0-0 11. Bg5 h6 12. Bh4 Ne5 13. Nxe5 dxe5 14. Qf3 g5 15. Bg3 Qe7 16. Nd5 Nxd5 17. Bxd5 c6 18. Bb3 Kg7 19. Rad1 f6 20. Qh5 Be6 21. Bxe6 Qxe6 22. h4 Rfd8 23. hxg5 hxg5 24. Qf3 Kg6 25. a4 Bd4 26. Rd3 Rd7 27. Rfd1 Rh8 28. a5 g4 0-1

[Event "Durham op"]
[Site "Houghton le Spring"]
[Date "2016.04.17"]
[Round "5"]
[White "Gazis, Georgios"]
[Black "Riding, Mick D"]
[Result "1/2-1/2"]
[WhiteElo "1797"]
[BlackElo "1883"]
[PlyCount "38"]
[EventDate "2016.04.15"]
[EventType "swiss"]
[EventRounds "5"]
[EventCountry "ENG"]
[SourceTitle "CBM 171 Extra"]
[Source "ChessBase"]
[SourceDate "2016.04.26"]
[SourceVersion "1"]
[SourceVersionDate "2016.04.26"]
[SourceQuality "1"]

1. e4 Nc6 2. Nf3 d6 3. d4 Nf6 4. Nc3 g6 5. d5 Ne5 6. Nxe5 dxe5 7. Bb5+ Bd7 8. Qe2 Bg7 9. f3 0-0 10. Bxd7 Qxd7 11. Be3 a6 12. 0-0 e6 13. Rfd1 Rfd8 14. Rd2 exd5 15. Nxd5 Nxd5 16. Rxd5 Qe8 17. Rad1 Rxd5 18. Rxd5 Rd8 19. Qd2 Bf6 1/2-1/2

[Event "Wetherby 4NCL op-A 6th"]
[Site "Wetherby"]
[Date "2016.01.10"]
[Round "4"]
[White "Gazis, Georgios"]
[Black "Webster, Richard J"]
[Result "1/2-1/2"]
[WhiteElo "1804"]
[BlackElo "1938"]
[PlyCount "40"]
[EventDate "2016.01.08"]
[EventType "swiss"]
[EventRounds "5"]
[EventCountry "ENG"]
[SourceTitle "CBM 170 Extra"]
[Source "ChessBase"]
[SourceDate "2016.02.25"]
[SourceVersion "1"]
[SourceVersionDate "2016.02.25"]
[SourceQuality "1"]

1. e4 e6 2. d4 d5 3. Nc3 Nf6 4. Bg5 dxe4 5. Nxe4 Nbd7 6. Nf3 Be7 7. Nxf6+ Bxf6 8. Qd2 h6 9. Be3 b6 10. Bb5 Bb7 11. Ne5 Bxe5 12. Bxd7+ Qxd7 13. dxe5 Qxd2+ 14. Bxd2 0-0-0 15. f3 Ba6 16. 0-0-0 Rd5 17. Bc3 Rhd8 18. Rxd5 Rxd5 19. Rd1 g6 20. Rxd5 exd5 1/2-1/2

[Event "Wetherby 4NCL op-A 6th"]
[Site "Wetherby"]
[Date "2016.01.09"]
[Round "3"]
[White "Round, Michael"]
[Black "Gazis, Georgios"]
[Result "1/2-1/2"]
[WhiteElo "1982"]
[BlackElo "1804"]
[PlyCount "88"]
[EventDate "2016.01.08"]
[EventType "swiss"]
[EventRounds "5"]
[EventCountry "ENG"]
[SourceTitle "CBM 170 Extra"]
[Source "ChessBase"]
[SourceDate "2016.02.25"]
[SourceVersion "1"]
[SourceVersionDate "2016.02.25"]
[SourceQuality "1"]

1. Nf3 Nf6 2. g3 d5 3. Bg2 Bg4 4. Ne5 e6 5. c4 c6 6. cxd5 exd5 7. Nxg4 Nxg4 8. e4 Nf6 9. e5 Nfd7 10. 0-0 Be7 11. d4 0-0 12. Nc3 Na6 13. f4 f5 14. g4 g6 15. Nxd5 cxd5 16. Bxd5+ Kh8 17. Bxb7 Nc7 18. Bxa8 Qxa8 19. g5 Nb6 20. Bd2 Qe4 21. Bc3 Ne6 22. Qf3 Qxf3 23. Rxf3 Nd5 24. Bd2 Nxd4 25. Rd3 Ne2+ 26. Kf1 Nexf4 27. Bxf4 Nxf4 28. Rd7 Bc5 29. Rc1 Bb6 30. Rc4 Nh3 31. e6 Nxg5 32. e7 Re8 33. b4 Kg7 34. a4 Kf7 35. a5 Be3 36. Ke2 Bg1 37. Rc2 Bxh2 38. Rxa7 Bg1 39. Rb7 Ne4 40. Rc6 Nd6 41. Rd7 Rxe7+ 42. Rxe7+ Kxe7 43. Rc5 Kd7 44. Kf3 h6 1/2-1/2

[Event "Hampstead op U1900 34th"]
[Site "Hampstead"]
[Date "2015.11.29"]
[Round "4"]
[White "Baroukh, Leon"]
[Black "Gazis, Georgios"]
[Result "0-1"]
[WhiteElo "1634"]
[BlackElo "1778"]
[PlyCount "110"]
[EventDate "2015.11.28"]
[EventType "swiss"]
[EventRounds "5"]
[EventCountry "ENG"]
[SourceTitle "EXT 2018"]
[Source "ChessBase"]
[SourceDate "2017.10.13"]
[SourceVersion "1"]
[SourceVersionDate "2017.10.13"]
[SourceQuality "1"]

1. d4 Nf6 2. c4 c5 3. d5 e6 4. Nc3 exd5 5. cxd5 d6 6. e4 g6 7. Bb5+ Bd7 8. Bg5 Bg7 9. f4 Bxb5 10. Nxb5 Qa5+ 11. Nc3 Nxe4 12. Nge2 Nxc3 13. Nxc3 0-0 14. 0-0 Re8 15. Qa4 Qxa4 16. Nxa4 Na6 17. f5 Bd4+ 18. Kh1 Re2 19. Nc3 Rxb2 20. Ne4 Re2 21. Rae1 Rxe1 22. Rxe1 Nb4 23. Nxd6 Nxd5 24. Nxb7 Kg7 25. Nd6 Rb8 26. g4 Rb2 27. Ne4 Nf6 28. Nxf6 Bxf6 29. Bf4 gxf5 30. gxf5 Bd4 31. a3 Kf6 32. Rf1 Rf2 33. Rxf2 Bxf2 34. Kg2 Bd4 35. Bb8 a6 36. Ba7 Kxf5 37. Kf3 Ke5 38. Ke2 Ke4 39. a4 c4 40. Bb8 Be5 41. Ba7 Bxh2 42. Bf2 Bf4 43. Be1 Bc1 44. Kd1 Bb2 45. Kc2 Bd4 46. Bd2 f5 47. a5 f4 48. Be1 Kf3 49. Kd1 Kg2 50. Bh4 f3 51. Ke1 f2+ 52. Kd2 f1Q 53. Be1 Qxe1+ 54. Kxe1 Bc3+ 55. Ke2 Bxa5 0-1

[Event "Hampstead op U1900 34th"]
[Site "Hampstead"]
[Date "2015.11.28"]
[Round "1"]
[White "Gazis, Georgios"]
[Black "Yoon, Jacob D"]
[Result "1/2-1/2"]
[WhiteElo "1778"]
[BlackElo "1564"]
[PlyCount "40"]
[EventDate "2015.11.28"]
[EventType "swiss"]
[EventRounds "5"]
[EventCountry "ENG"]
[SourceTitle "EXT 2018"]
[Source "ChessBase"]
[SourceDate "2017.10.13"]
[SourceVersion "1"]
[SourceVersionDate "2017.10.13"]
[SourceQuality "1"]

1. e4 c5 2. Nf3 Nc6 3. c3 e6 4. d4 d5 5. exd5 exd5 6. Be2 Nf6 7. 0-0 Be7 8. Be3 c4 9. a4 0-0 10. b3 Na5 11. Nbd2 Ne4 12. Nxe4 dxe4 13. Nd2 Nxb3 14. Nxb3 cxb3 15. Qxb3 Bd6 16. Bc4 Qh4 17. h3 Bxh3 18. gxh3 Qxh3 19. Rfe1 Bh2+ 20. Kh1 Bg3+ 1/2-1/2

[Event "BCF-chT3N 1415 (4NCL)"]
[Site "England"]
[Date "2015.02.15"]
[Round "6.79"]
[White "Livesey, R Nigel"]
[Black "Gazis, Georgios"]
[Result "0-1"]
[WhiteElo "1888"]
[BlackElo "1746"]
[PlyCount "72"]
[EventDate "2014.11.15"]
[EventType "team-swiss"]
[EventRounds "6"]
[EventCountry "ENG"]
[SourceTitle "EXT 2016"]
[Source "ChessBase"]
[SourceDate "2015.10.08"]
[SourceVersion "1"]
[SourceVersionDate "2015.10.08"]
[SourceQuality "1"]
[WhiteTeam "Manchester Manticores III"]
[BlackTeam "North East England II"]
[WhiteTeamCountry "ENG"]
[BlackTeamCountry "ENG"]

1. c4 Nf6 2. g3 e5 3. Bg2 d5 4. cxd5 Nxd5 5. Nc3 Nb6 6. Nf3 Nc6 7. 0-0 Be7 8. d3 0-0 9. Be3 Be6 10. Ne4 Nd5 11. Bc5 f6 12. Bxe7 Qxe7 13. Rc1 Ncb4 14. a3 Na6 15. b4 c6 16. Nc5 Nxc5 17. Rxc5 Qd7 18. Nd2 Rfd8 19. Nf3 Bh3 20. Qb3 Bxg2 21. Kxg2 Qe6 22. Qc2 a6 23. h3 Rd7 24. Nd2 Rad8 25. Nb3 Kh8 26. Na5 f5 27. Qc4 Qg6 28. Kh2 Qh5 29. e4 Ne3 30. fxe3 Qe2+ 31. Kg1 Qxe3+ 32. Kh1 Qxg3 33. Nxc6 Qxh3+ 34. Kg1 Qg3+ 35. Kh1 Rd6 36. Nxe5 Rh6# 0-1

[Event "BCF-chT3N 1415 (4NCL)"]
[Site "England"]
[Date "2015.02.14"]
[Round "5.89"]
[White "Gazis, Georgios"]
[Black "Grobler, David J"]
[Result "1-0"]
[WhiteElo "1746"]
[BlackElo "1651"]
[PlyCount "71"]
[EventDate "2014.11.15"]
[EventType "team-swiss"]
[EventRounds "6"]
[EventCountry "ENG"]
[SourceTitle "EXT 2016"]
[Source "ChessBase"]
[SourceDate "2015.10.08"]
[SourceVersion "1"]
[SourceVersionDate "2015.10.08"]
[SourceQuality "1"]
[WhiteTeam "North East England II"]
[BlackTeam "Bradford DCA Knights III"]
[WhiteTeamCountry "ENG"]
[BlackTeamCountry "ENG"]

1. e4 c5 2. Nf3 Nc6 3. c3 Nf6 4. e5 Nd5 5. d4 cxd4 6. cxd4 e6 7. Nc3 Nxc3 8. bxc3 d6 9. exd6 Bxd6 10. Bd3 Qc7 11. 0-0 Bd7 12. Qe2 0-0-0 13. c4 Nxd4 14. Nxd4 Bxh2+ 15. Kh1 Be5 16. Bb2 Bf6 17. Nb5 Qf4 18. Bxf6 gxf6 19. Be4 f5 20. Bf3 Bxb5 21. cxb5 Rd2 22. Rfc1+ Kb8 23. Qe3 Qxe3 24. fxe3 e5 25. Rd1 Rhd8 26. a4 e4 27. Bh5 f6 28. Kg1 Kc7 29. a5 b6 30. Rac1+ Kb7 31. a6+ Kb8 32. Kf1 Rxd1+ 33. Rxd1 Rxd1+ 34. Bxd1 Kc7 35. Kf2 Kd6 36. Kg3 1-0

[Event "Petroupoli schev"]
[Site "Petroupoli"]
[Date "2006.??.??"]
[Round "9.8"]
[White "Stathopoulos, Ioannis"]
[Black "Gazis, Georgios"]
[Result "0-1"]
[WhiteElo "1015"]
[BlackElo "1370"]
[PlyCount "72"]
[EventDate "2006.??.??"]
[EventType "schev"]
[EventRounds "9"]
[EventCountry "GRE"]
[SourceTitle "EXT 2007"]
[Source "ChessBase"]
[SourceDate "2006.11.23"]
[SourceVersion "1"]
[SourceVersionDate "2006.11.23"]
[SourceQuality "1"]

1. e4 c5 2. c3 Nf6 3. e5 Nd5 4. Nf3 Nc6 5. d4 cxd4 6. cxd4 d6 7. exd6 Qxd6 8. Bb5 Qb4+ 9. Nc3 Nxc3 10. Bxc6+ bxc6 11. bxc3 Qxc3+ 12. Bd2 Qa3 13. Ne5 Qd6 14. Qb3 e6 15. Rc1 Bd7 16. Nxd7 Qxd7 17. Be3 Bd6 18. Qa4 Rc8 19. d5 exd5 20. Qxa7 Qxa7 21. Bxa7 0-0 22. Bd4 Rfe8+ 23. Kf1 c5 24. Bb2 Rb8 25. Bc3 d4 26. Bd2 Rb2 27. Be1 Rxa2 28. g3 Ree2 29. h4 d3 30. Rd1 c4 31. Bc3 Rxf2+ 32. Kg1 Bc5 33. Be1 Rf3+ 34. Bf2 Rfxf2 35. Rh3 Rh2+ 36. Kf1 Rxh3 0-1